Normal view MARC view
  • Muneeb Ur Rehman

Entry Personal Name

Number of records used in: 2

001 - CONTROL NUMBER

  • control field: 114413

003 - CONTROL NUMBER IDENTIFIER

  • control field: NUST

005 - DATE AND TIME OF LATEST TRANSACTION

  • control field: 20230904101710.0

008 - FIXED-LENGTH DATA ELEMENTS

  • fixed length control field: 230904|| aca||aabn | a|a d

040 ## - CATALOGING SOURCE

  • Original cataloging agency: NUST
  • Transcribing agency: NUST

100 ## - HEADING--PERSONAL NAME

  • Personal name: Muneeb Ur Rehman

670 ## - SOURCE DATA FOUND

  • Source citation: Work cat.: (NUST): Muneeb Ur Rehman, Human Age Estimation Using Wearable Inertial Sensors
© 2023 Central Library, National University of Sciences and Technology. All Rights Reserved.